Accounting information for sport's management in tourism and hospitality industry

Účtovné informácie pre riadenie športových aktivít v cestovnom ruchu a pohostinstve v Chorvátsku. Význam IAS a US-GAAP štandardov pre riadenie športu. Spoločný systém účtovania pre ubytovacie zariadenia (USALI).

Uložené v:
Podrobná bibliografia
Hlavný autor: Peršić, Milena
Ďalší autori: Ilić, Sandra, Vlašić, Dubravka
Médium: Kapitola
Jazyk:English
Predmet:
Tagy: Pridať tag
Žiadne tagy, Buďte prvý, kto otaguje tento záznam!

MARC

LEADER 00000naa$a2200000$$$4500
001 0012849
005 20221128113334.7
041 0 |a eng 
044 |a SK 
245 1 0 |a Accounting information for sport's management in tourism and hospitality industry  |c aut. Milena Peršić, Sandra Ilić, Dubravka Vlašić 
520 |a Účtovné informácie pre riadenie športových aktivít v cestovnom ruchu a pohostinstve v Chorvátsku. Význam IAS a US-GAAP štandardov pre riadenie športu. Spoločný systém účtovania pre ubytovacie zariadenia (USALI). 
610 2 0 |a účtovníctvo 
610 2 0 |a ruch cestovný 
610 2 0 |a zariadenia rekreačné 
610 2 0 |a zariadenia ubytovacie 
610 2 0 |a pohostinstvo 
610 2 0 |a šport 
610 2 0 |a štandardy účtovné medzinárodné 
100 1 |a Peršić, Milena 
700 1 |a Ilić, Sandra 
700 1 |a Vlašić, Dubravka